[Event "Druzynowe Mistrzostwa Polski - II Liga 2023"]
[Site "Jastrzebia Gora"]
[Date "1899-12-30"]
[Round "7.13"]
[White "Klepek, Witold"]
[Black "Grzesik, Gracjan"]
[Result "1-0"]
[WhiteTitle "k++"]
[BlackTitle "k"]
[WhiteElo "2299"]
[BlackElo "2149"]

1. e4 c5 2. Nf3 d6 3. d4 cxd4 4. Nxd4 Nf6 5. Nc3 a6 6. h3 e5 7. Nde2 b5 8. g4 b4
9. Nd5 Nxd5 10. exd5 Be7 11. Ng3 O-O 12. a3 bxa3 13. Rxa3 Bh4 14. Bg2 Bxg3 15.
fxg3 f5 16. O-O fxg4 17. Rxf8+ Qxf8 18. hxg4 Nd7 19. g5 Rb8 20. Be4 g6 21. Qe1
Qd8 22. Bd3 Qb6+ 23. Qf2 Nc5 24. Bc4 Qb4 25. b3 Bf5 26. Ra2 Rf8 27. Ba3 Qc3 28.
Bxc5 dxc5 29. Rxa6 Be6 30. dxe6 Rxf2 31. e7+ Kg7 32. Kxf2 Qd2+ 33. Kf1 Qd1+ 34.
Kf2 Qd2+ 35. Kf3 e4+ 36. Kg4 Qd1+ 37. Kf4 Qc1+ 38. Ke5 Qxg5+ 39. Kd6 Qxg3+ 40.
Kd7 Qg4+ 41. Re6 Qd1+ 42. Kc6 1-0

[Event "Druzynowe Mistrzostwa Polski - II Liga 2023"]
[Site "Jastrzebia Gora"]
[Date "1899-12-30"]
[Round "7.15"]
[White "Zarnowski, Krzysztof"]
[Black "Majewski, Krzysztof"]
[Result "1/2-1/2"]
[WhiteTitle "k"]
[BlackTitle "I+"]
[WhiteElo "2113"]
[BlackElo "1903"]

1. e4 e6 2. d4 d5 3. Nd2 dxe4 4. Nxe4 Nd7 5. Nf3 Ngf6 6. Bd3 Nxe4 7. Bxe4 Nf6 8.
Bg5 Be7 9. Bxf6 Bxf6 10. Qd3 Qd6 11. O-O-O Bd7 12. Ne5 Bc6 13. Bxc6+ bxc6 14.
Qc4 O-O 15. Nxc6 Qf4+ 16. Kb1 Qxf2 17. Rhg1 Rfe8 18. h3 Qf5 19. g4 Qd5 20. Qa6
h6 21. a4 Qf3 22. Rd3 Qf2 23. Rgd1 e5 24. dxe5 Bxe5 25. Nxe5 Rxe5 26. Rd8+ Rxd8
27. Rxd8+ Kh7 28. Qd3+ f5 29. Rf8 Kg6 30. gxf5+ Rxf5 31. b4 Kg5 32. Qd8+ Rf6 33.
Rxf6 gxf6 34. Qxc7 1/2-1/2

[Event "Druzynowe Mistrzostwa Polski - II Liga 2023"]
[Site "Jastrzebia Gora"]
[Date "1899-12-30"]
[Round "7.16"]
[White "Gajdzica, Maciej"]
[Black "Wilk, Tomasz"]
[Result "1-0"]
[WhiteTitle "k"]
[BlackTitle "I++"]
[WhiteElo "1968"]
[BlackElo "1952"]

1. d4 d5 2. c4 e6 3. Nc3 Nf6 4. cxd5 exd5 5. Bg5 c6 6. e3 Be7 7. Bd3 O-O 8. h3
Re8 9. Nf3 Nbd7 10. Qc2 h6 11. Bf4 Nf8 12. O-O Ne6 13. Bh2 Bd7 14. Ne5 a6 15.
Rac1 c5 16. Nxd7 Qxd7 17. dxc5 Bxc5 18. Rfd1 Rac8 19. Be5 Qe7 20. Bxf6 Qxf6 21.
Nxd5 Qe5 22. Qc3 Qb8 23. Bb1 Nf8 24. Qd3 Qe5 25. Qf5 Ng6 26. Qxe5 Nxe5 27. Bf5
Rc6 28. f4 g6 29. Rxc5 Rxc5 30. Nf6+ Kf8 31. fxe5 Rcxe5 32. Nxe8 Rxe8 33. Bg4
Rxe3 34. Rd7 h5 35. Bf3 b6 36. Rb7 Re6 37. Kf2 Kg7 38. b4 h4 39. a4 Rd6 40. Ke3
Kf6 41. Ra7 1-0

[Event "Druzynowe Mistrzostwa Polski - II Liga 2023"]
[Site "Jastrzebia Gora"]
[Date "1899-12-30"]
[Round "7.17"]
[White "Swider, Pawel"]
[Black "Lonski, Aleksander"]
[Result "1-0"]
[WhiteTitle "I++"]
[BlackTitle "I"]
[WhiteElo "1944"]
[BlackElo "1805"]

1. d4 d5 2. c4 e6 3. Nf3 c6 4. e3 Nf6 5. b3 Bd6 6. Bb2 O-O 7. Bd3 Ne4 8. O-O b6
9. Nc3 f5 10. Ne2 Nd7 11. Ne5 Bxe5 12. dxe5 Qc7 13. cxd5 exd5 14. Rc1 Bb7 15.
f3 Nec5 16. b4 Nxd3 17. Qxd3 Rac8 18. f4 Nb8 19. Nd4 Qf7 20. Rfd1 c5 21. bxc5
bxc5 22. Nb5 Ba6 23. a4 Rfd8 24. Ba3 c4 25. Rxc4 dxc4 26. Qxd8+ Qe8 27. Qd5+ Qf7
28. Qxf7+ Kxf7 29. Nd6+ 1-0

[Event "Druzynowe Mistrzostwa Polski - II Liga 2023"]
[Site "Jastrzebia Gora"]
[Date "1899-12-30"]
[Round "7.18"]
[White "Krzywnicka, Maria"]
[Black "Hampel, Anna"]
[Result "1-0"]
[WhiteTitle "I++"]
[BlackTitle "I++"]
[WhiteElo "1835"]
[BlackElo "1644"]

1. e4 c5 2. Nc3 Nc6 3. g3 g6 4. Bg2 Bg7 5. d3 Rb8 6. f4 b5 7. Nf3 b4 8. Nd5 e6
9. Ne3 Nd4 10. Nc4 d5 11. Nce5 Ne7 12. Ng5 O-O 13. Ngxf7 Rxf7 14. Nxf7 Kxf7 15.
O-O Kg8 16. h4 Ndc6 17. h5 dxe4 18. Bxe4 Qd4+ 19. Kg2 Bb7 20. hxg6 hxg6 21. a3
Nf5 22. Qe2 Qf6 23. Qf2 Ncd4 24. axb4 cxb4 25. Rxa7 Nd6 26. Bxb7 Rxb7 27. Ra6
N6f5 28. Ra8+ Kf7 29. Rc8 Qe7 30. Rc4 Rc7 31. Kh3 Rxc4 32. dxc4 Nd6 33. b3 Ne4
34. Qg2 Nc5 35. Be3 Qd7 36. Kh2 Qb7 37. Qxb7+ Nxb7 38. Bxd4 Bxd4 39. Rd1 e5 40.
fxe5 Bxe5 41. Rd7+ Ke6 42. Rxb7 Bd6 43. Rb5 Kd7 44. Rg5 1-0

[Event "Druzynowe Mistrzostwa Polski - II Liga 2023"]
[Site "Jastrzebia Gora"]
[Date "1899-12-30"]
[Round "7.19"]
[White "Grela, Kacper"]
[Black "Mondrzycki, Bartlomiej"]
[Result "0-1"]
[WhiteTitle "FM"]
[BlackTitle "CM"]
[WhiteElo "2355"]
[BlackElo "2208"]

1. d4 d5 2. c4 e6 3. Nc3 h6 4. Nf3 Nf6 5. Bf4 Bd6 6. Bxd6 Qxd6 7. g3 Nc6 8. Bg2
O-O 9. O-O dxc4 10. e4 e5 11. d5 Na5 12. Rc1 a6 13. Qe2 Bg4 14. h3 Bxf3 15. Qxf3
b5 16. Nd1 Nb7 17. Ne3 g6 18. b3 Nc5 19. bxc4 b4 20. Qe2 a5 21. f4 Rae8 22. Ng4
Nxg4 23. Qxg4 exf4 24. gxf4 Nxe4 25. f5 h5 26. Qh4 Qg3 27. Qf4 Qxf4 28. Rxf4 Nc3
29. Bf1 Nxa2 30. Ra1 b3 31. Rb1 a4 32. c5 Nc3 33. Rb2 Re1 34. Rc4 Rc1 35. Kf2
Nd1+ 36. Ke1 Rxc4 0-1

[Event "Druzynowe Mistrzostwa Polski - II Liga 2023"]
[Site "Jastrzebia Gora"]
[Date "1899-12-30"]
[Round "7.20"]
[White "Bronowicki, Mateusz"]
[Black "Kolodziejski, Piotr"]
[Result "1/2-1/2"]
[WhiteTitle "FM"]
[BlackTitle "k"]
[WhiteElo "2189"]
[BlackElo "2276"]

1. Nf3 Nf6 2. b3 d6 3. d4 g6 4. c4 Bg7 5. Nc3 O-O 6. g3 Nbd7 7. Bg2 c6 8. O-O Re8
9. h3 Rb8 10. a4 e5 11. a5 Nh5 12. dxe5 dxe5 13. Bg5 Qc7 14. Ne4 Bf8 15. Qc1 f5
16. Nc3 Nc5 17. Rb1 Ne6 18. Be3 b6 19. axb6 axb6 20. Bh6 Be7 21. e4 f4 22. g4
Nf6 23. b4 Ba6 24. b5 cxb5 25. cxb5 Bb7 26. Nd5 Nxd5 27. exd5 Nc5 28. Ng5 Qd6
29. Rd1 Rec8 30. Qd2 Ra8 31. Re1 Re8 32. Red1 Ra4 33. Qc2 Rea8 34. Ne6 Ra2 35.
Qc3 R8a3 36. Qb4 Ra4 37. Qc3 R2a3 38. Qc2 Ra2 39. Qc3 R2a3 40. Qc2 Bc8 41. Bg5
Bxg5 42. Nxg5 Bb7 43. Ne6 Ra2 44. Qc3 R4a3 45. Qc4 Ra4 46. Qc3 R2a3 47. Qc2 Nd7
48. Nd8 Qc5 49. Qxc5 Nxc5 50. Nxb7 Nxb7 51. d6 f3 52. Rbc1 Ra8 53. Rc7 Ra1 54.
Bxf3 Nxd6 55. Rc6 Nxb5 56. Rxb6 Rxd1+ 57. Bxd1 Nd4 58. Kg2 Ra7 59. h4 Kg7 1/2-1/2

[Event "Druzynowe Mistrzostwa Polski - II Liga 2023"]
[Site "Jastrzebia Gora"]
[Date "1899-12-30"]
[Round "7.21"]
[White "Kejna, Piotr"]
[Black "Cajbel, Maciej"]
[Result "1-0"]
[WhiteTitle "CM"]
[BlackTitle "k"]
[WhiteElo "2267"]
[BlackElo "2151"]

1. e4 c5 2. Nf3 Nc6 3. d4 cxd4 4. Nxd4 g6 5. Nc3 Bg7 6. Be3 Nf6 7. Bc4 O-O 8. Bb3
Re8 9. h4 e6 10. h5 d5 11. Nxc6 bxc6 12. e5 Nd7 13. f4 c5 14. hxg6 hxg6 15. Nxd5
exd5 16. Qxd5 Nxe5 17. fxe5 Qxd5 18. Bxd5 Rb8 19. O-O Be6 20. Bxe6 Rxe6 21. Rad1
Bxe5 22. Rd7 f5 23. b3 a5 24. Rfd1 Bg3 25. Bxc5 Re2 26. Bd6 Bf2+ 27. Kf1 Rbe8
28. Rd8 Bh4 29. Rxe8+ Rxe8 30. Bc7 a4 31. b4 Re7 32. Bd8 Re4 33. Bxh4 Rxh4 34.
c3 Rf4+ 35. Ke2 Rg4 36. Kf2 Kf7 37. Rd4 Rxd4 38. cxd4 Ke6 39. g4 f4 40. g5 1-0

[Event "Druzynowe Mistrzostwa Polski - II Liga 2023"]
[Site "Jastrzebia Gora"]
[Date "1899-12-30"]
[Round "7.22"]
[White "Piotrowski, Przemyslaw"]
[Black "Komendecki, Antoni"]
[Result "0-1"]
[WhiteTitle "FM"]
[BlackTitle "I++"]
[WhiteElo "2258"]
[BlackElo "1951"]

1. Nf3 c5 2. c4 Nc6 3. Nc3 g6 4. g3 Bg7 5. Bg2 e5 6. O-O Nge7 7. e3 O-O 8. d4 exd4
9. exd4 Nxd4 10. Nxd4 cxd4 11. Nd5 Nxd5 12. Bxd5 d6 13. Qf3 Rb8 14. Bf4 Be6 15.
Rfe1 Qd7 16. Qa3 Bxd5 17. cxd5 Rfd8 18. Qxa7 Qb5 19. Bxd6 Rbc8 20. Ba3 Qxd5 21.
Rad1 h5 22. Re7 Bf8 23. Rxb7 d3 24. Bxf8 Qf3 25. Rxf7 Qxf7 26. Qxf7+ Kxf7 27.
Bb4 Rc2 28. Bc3 Ke6 29. Kg2 Kf5 30. Kf3 g5 31. h3 g4+ 32. hxg4+ hxg4+ 33. Kg2
Ke4 34. a4 Re2 35. Bd2 Rf8 36. Bf4 Rxb2 37. a5 Ra2 38. Re1+ Kd4 39. Be3+ Kc3 40.
Rc1+ Rc2 41. Ra1 Re2 42. a6 Rxe3 43. fxe3 Kb2 44. Ra5 d2 45. Rd5 Kc2 46. Rc5+
Kd3 47. Rd5+ Ke2 0-1

[Event "Druzynowe Mistrzostwa Polski - II Liga 2023"]
[Site "Jastrzebia Gora"]
[Date "1899-12-30"]
[Round "7.23"]
[White "Madera, Mateusz"]
[Black "Stelmaszuk, Maciej"]
[Result "1/2-1/2"]
[WhiteTitle "I+"]
[BlackTitle "I+"]
[WhiteElo "1880"]
[BlackElo "1944"]

1. e4 c5 2. Nf3 Nc6 3. d4 cxd4 4. Nxd4 e5 5. Nb5 d6 6. c4 Be7 7. N5c3 Nf6 8. Be2
Be6 9. O-O O-O 10. Be3 Nd7 11. Nd5 Rc8 12. Nxe7+ Qxe7 13. Nc3 a6 14. Qd2 Nc5 15.
Rfd1 Rfd8 16. Rac1 Qf8 17. f4 exf4 18. Bxf4 Ne5 19. b4 Ncd7 20. Nd5 Rc6 21. c5
Rdc8 22. cxd6 Bxd5 23. Qxd5 Ng6 24. Be3 Qe8 25. Rxc6 Rxc6 26. b5 Nf6 27. Qd4 Rc2
28. Bd3 Rxg2+ 29. Kxg2 Nh4+ 30. Kf1 Qd7 31. Rc1 Qh3+ 32. Ke2 Qg4+ 33. Kf1 Qh3+
34. Ke2 Qg4+ 35. Kf1 Qh3+ 36. Ke2 Qg4+ 1/2-1/2

[Event "Druzynowe Mistrzostwa Polski - II Liga 2023"]
[Site "Jastrzebia Gora"]
[Date "1899-12-30"]
[Round "7.24"]
[White "Owczarek, Monika"]
[Black "Budkiewicz, Magdalena"]
[Result "0-1"]
[WhiteTitle "I"]
[BlackTitle "k+"]
[WhiteElo "1544"]
[BlackElo "1762"]

1. c4 e5 2. Nc3 Nf6 3. g3 d5 4. cxd5 Nxd5 5. Bg2 Nb6 6. Nf3 Nc6 7. O-O Be7 8. d3
O-O 9. Be3 Be6 10. d4 exd4 11. Nxd4 Nxd4 12. Bxd4 c6 13. Ne4 Bd5 14. Bc3 Qc7 15.
Qc2 Rad8 16. Rfd1 f5 17. Nd2 Bxg2 18. Kxg2 Nd5 19. Nf3 Bd6 20. e3 Rde8 21. Rac1
Qf7 22. Bd2 Kh8 23. a3 Qh5 24. Qa4 f4 25. exf4 Bxf4 26. Qb3 Be3 27. Bxe3 Qxf3+
28. Kg1 Rxe3 29. fxe3 Nxe3 30. Rd2 Qf1+ 31. Rxf1 Rxf1# 0-1

[Event "Druzynowe Mistrzostwa Polski - II Liga 2023"]
[Site "Jastrzebia Gora"]
[Date "1899-12-30"]
[Round "7.25"]
[White "Niekras, Dawid"]
[Black "Malisauskas, Vidmantas"]
[Result "1-0"]
[WhiteTitle "FM"]
[BlackTitle "GM"]
[WhiteElo "2298"]
[BlackElo "2344"]

1. e4 c6 2. d4 d5 3. e5 Bf5 4. Nf3 e6 5. Be2 Nd7 6. O-O Bg6 7. Nbd2 Nh6 8. Nb3
Nf5 9. Bd2 a6 10. Rc1 Be7 11. g4 Nh4 12. Nxh4 Bxh4 13. f4 f5 14. exf6 Bxf6 15.
g5 Be7 16. Bg4 Bf5 17. Re1 O-O 18. Rxe6 Bxe6 19. Bxe6+ Kh8 20. Qg4 Nb6 21. f5
Nc4 22. Bf4 Bd6 23. Rf1 b6 24. Qh5 g6 25. fxg6 Qe7 26. Bf7 Rxf7 27. gxf7 Bxf4
28. Rxf4 Qe3+ 29. Rf2 Rf8 30. Qf3 Qxf3 31. Rxf3 Nxb2 32. Rf6 Nc4 33. Nc1 Kg7 34.
Nd3 Rxf7 35. Rxc6 a5 36. h4 Re7 37. Nf4 Re4 38. Rc7+ Kf8 39. Nxd5 Rg4+ 40. Kf2
Rxd4 41. Nf6 Ne5 42. Kg3 Nf7 43. Nxh7+ Kg7 44. h5 Kxh7 45. Rxf7+ Kg8 46. Rc7 1-0

[Event "Druzynowe Mistrzostwa Polski - II Liga 2023"]
[Site "Jastrzebia Gora"]
[Date "1899-12-30"]
[Round "7.26"]
[White "Kot, Jerzy"]
[Black "Zakrzewski, Marek"]
[Result "0-1"]
[WhiteTitle "FM"]
[BlackTitle "FM"]
[WhiteElo "1889"]
[BlackElo "2306"]

1. e4 c5 2. Nf3 e6 3. d4 cxd4 4. Nxd4 Nc6 5. Nc3 Qc7 6. Ncb5 Qb8 7. Bd3 a6 8. Nxc6
bxc6 9. Nd4 e5 10. Ne2 Nf6 11. O-O Bc5 12. c3 a5 13. b3 d5 14. Ng3 h5 15. Qc2
h4 16. Ne2 h3 17. g3 Qd6 18. Bb2 Ng4 19. b4 Qf6 20. Nf4 Ba7 21. exd5 exf4 22.
c4 Bd4 23. Rae1+ Kf8 24. Qe2 g6 25. Bxd4 Qxd4 26. Bxg6 Kg7 27. Bxf7 fxg3 28. hxg3
Kxf7 29. Qe7+ Kg6 30. Re4 h2+ 31. Kh1 Nxf2+ 0-1

[Event "Druzynowe Mistrzostwa Polski - II Liga 2023"]
[Site "Jastrzebia Gora"]
[Date "1899-12-30"]
[Round "7.27"]
[White "Selbes, Tamer Tarik"]
[Black "Grajczak, Adrian"]
[Result "1-0"]
[WhiteTitle "FM"]
[BlackTitle "I++"]
[WhiteElo "2225"]
[BlackElo "1858"]

1. e4 c5 2. Nf3 d6 3. Bb5+ Bd7 4. Bxd7+ Qxd7 5. O-O Nc6 6. c3 Nf6 7. Qe2 g6 8.
d4 cxd4 9. cxd4 Bg7 10. Nc3 O-O 11. Rd1 Rfc8 12. e5 Ne8 13. Ng5 e6 14. Qg4 h6
15. Nge4 dxe5 16. dxe5 Nxe5 17. Qh3 Qe7 18. Bxh6 Bxh6 19. Qxh6 Ng4 20. Qf4 Ngf6
21. Rd3 Nh5 22. Qe5 f6 23. Qb5 a6 24. Qb3 f5 25. Ng3 Nhg7 26. Re1 Nf6 27. Nge2
Ng4 28. h3 Ne5 29. Rg3 g5 30. f4 Qc5+ 31. Kh2 Qf2 32. fxe5 Qxe1 33. Rxg5 Qh4 34.
Qxe6+ Kh8 35. Qf6 Qh7 36. Nf4 Rf8 37. Ng6+ Kg8 38. Nxf8 Rxf8 39. Nd5 Rf7 40. Qd8+
1-0

[Event "Druzynowe Mistrzostwa Polski - II Liga 2023"]
[Site "Jastrzebia Gora"]
[Date "1899-12-30"]
[Round "7.28"]
[White "Brylowski, Marian"]
[Black "Bernat, Marcin"]
[Result "1/2-1/2"]
[WhiteTitle "I++"]
[BlackTitle "k"]
[WhiteElo "1927"]
[BlackElo "1959"]

1. Nf3 d5 2. g3 Nf6 3. d3 c6 4. Bg2 Bf5 5. Nh4 Bg4 6. h3 Bc8 7. O-O e5 8. Nd2 Be7
9. e4 O-O 10. Re1 Re8 11. c3 Bf8 12. Qc2 Nbd7 13. Nf1 Qb6 14. Ne3 dxe4 15. dxe4
Nc5 16. b4 Ne6 17. Nef5 a5 18. Be3 Qc7 19. a3 c5 20. b5 c4 21. Bf1 Nc5 22. f3
Be6 23. a4 Nb3 24. Rad1 Nd7 25. Rd5 Bxd5 26. exd5 Nb6 27. Qe4 Bc5 28. Nxg7 Kxg7
29. Nf5+ Kh8 30. Qh4 Qd8 31. Qh6 Rg8 32. Bxc5 Nxc5 33. Rxe5 Rg6 34. Qe3 Ncd7 35.
Re7 Nxd5 36. Qd4+ N7f6 37. Rxf7 Qb6 38. Bxc4 Qxd4+ 39. cxd4 b6 40. g4 Rc8 41.
Nd6 Rd8 42. Nf5 Kg8 43. Rb7 Kf8 44. Kf2 h5 45. Kg3 hxg4 46. hxg4 Rc8 47. Nd6 Rc7
48. Rb8+ Ke7 49. Nf5+ Kd7 50. Nh4 Rg5 51. Bxd5 Nxd5 52. f4 Rc3+ 53. Nf3 Rg6 54.
g5 Kc7 55. Rf8 Kd7 56. Kg4 Ke7 57. Rb8 Rd6 58. Ne5 Ne3+ 59. Kh5 Rc1 60. g6 Kf6
61. Rf8+ Kg7 62. Rf7+ Kg8 63. f5 Rxd4 64. Nd7 Rxd7 65. Rxd7 Nxf5 66. Kg5 Ne3 67.
Rd8+ Kg7 68. Rd7+ 1/2-1/2

[Event "Druzynowe Mistrzostwa Polski - II Liga 2023"]
[Site "Jastrzebia Gora"]
[Date "1899-12-30"]
[Round "7.29"]
[White "Paczka, Patryk"]
[Black "Brylowski, Stefan"]
[Result "1-0"]
[WhiteTitle "I+"]
[BlackTitle "I++"]
[WhiteElo "1891"]
[BlackElo "1942"]

1. e4 e5 2. Nf3 Nc6 3. Nc3 d6 4. d4 Be7 5. dxe5 Nxe5 6. Nxe5 dxe5 7. Qxd8+ Bxd8
8. Bc4 Nf6 9. Be3 O-O 10. f3 c6 11. a3 Be7 12. Kf2 b5 13. Bb3 Nd7 14. Rhd1 Nc5
15. Ba2 a5 16. Ne2 g6 17. Rd2 Kg7 18. g4 h6 19. Rg1 Kh7 20. Ng3 Ne6 21. Bb1 Nf4
22. Rgd1 Be6 23. Bxf4 exf4 24. Ne2 Bc5+ 25. Kg2 Be3 26. Rd6 c5 27. Nc3 b4 28.
Nd5 Bxd5 29. R6xd5 Bd4 30. c3 bxc3 31. bxc3 Be3 32. Rd7 Rab8 33. e5 Rb6 34. h4
Kg8 35. Be4 Re6 36. R1d6 Rxe5 37. Bxg6 Kg7 38. Be4 Rb8 39. Rg6+ Kf8 40. Rxh6 Rb2+
41. Kh3 Re7 42. Rh8+ Kg7 43. Rh7+ Kf6 44. g5+ Ke6 45. Bf5+ 1-0

[Event "Druzynowe Mistrzostwa Polski - II Liga 2023"]
[Site "Jastrzebia Gora"]
[Date "1899-12-30"]
[Round "7.30"]
[White "Baginskaite, Kamile"]
[Black "Zakrzewska, Joanna"]
[Result "1-0"]
[WhiteTitle "WGM"]
[BlackTitle "I++"]
[WhiteElo "2097"]
[BlackElo "1606"]

1. d4 e6 2. Nf3 f5 3. c4 Nf6 4. Nc3 Bb4 5. Qb3 a5 6. g3 b6 7. Bg2 Bb7 8. O-O Bxc3
9. Qxc3 O-O 10. b3 d6 11. Bb2 Be4 12. Rfc1 Nbd7 13. d5 Nc5 14. dxe6 Nxe6 15. Ne1
Bxg2 16. Nxg2 Qe7 17. Ne3 Ne4 18. Qc2 Rf7 19. Nxf5 Rxf5 20. Qxe4 Raf8 21. f3 Qd7
22. Rf1 Nc5 23. Qg4 Qe7 24. e4 R5f7 25. Rad1 Nd7 26. Rd5 Nf6 27. Bxf6 Rxf6 28.
h4 Qf7 29. Kg2 Rg6 30. Rg5 Rf6 31. h5 Qe7 32. Rd5 Qf7 33. Rf2 Qe7 34. Qg5 Qf7
35. Qe3 Rh6 36. g4 Rf6 37. e5 Re6 38. f4 Rfe8 39. Qd4 dxe5 40. fxe5 Qe7 41. Rd7
c5 42. Qd2 Qh4 43. Qf4 R6e7 44. e6 h6 45. Rxe7 Rxe7 46. Qf8+ Kh7 47. Qf5+ Kg8
48. Rd2 Ra7 49. Rd7 Rxd7 50. exd7 Qd8 51. Qe6+ Kf8 52. Qd6+ Kf7 53. Kg3 Kg8 54.
Qd5+ Kf8 55. Kf4 Ke7 56. Kf5 Qf8+ 57. Kg6 Qf6+ 58. Kh7 Kd8 59. Qg8+ Kxd7 60. Qxg7+
1-0

[Event "Druzynowe Mistrzostwa Polski - II Liga 2023"]
[Site "Jastrzebia Gora"]
[Date "1899-12-30"]
[Round "7.31"]
[White "Taranowicz, Michal"]
[Black "Lapaj, Mateusz"]
[Result "1/2-1/2"]
[WhiteTitle "k"]
[BlackTitle "k+"]
[WhiteElo "2092"]
[BlackElo "2218"]

1. d4 Nf6 2. Bf4 d5 3. Nc3 e6 4. Nb5 Na6 5. e3 c6 6. Nc3 Qb6 7. Rb1 Bb4 8. Nge2
O-O 9. a3 Be7 10. b4 Nh5 11. Bg3 Nb8 12. Nf4 Nxf4 13. Bxf4 a5 14. Na4 Qd8 15.
c3 Nd7 16. Bd3 Bf6 17. Nc5 b6 18. Nxd7 Bxd7 19. O-O axb4 20. axb4 Re8 21. b5 c5
22. dxc5 e5 23. Bg3 bxc5 24. c4 Be6 1/2-1/2

[Event "Druzynowe Mistrzostwa Polski - II Liga 2023"]
[Site "Jastrzebia Gora"]
[Date "1899-12-30"]
[Round "7.32"]
[White "Garbowski, Jakub"]
[Black "Kozlowski, Michal"]
[Result "0-1"]
[WhiteTitle "k"]
[BlackTitle "I++"]
[WhiteElo "2129"]
[BlackElo "2048"]

1. e4 c5 2. Nf3 Nc6 3. d4 cxd4 4. Nxd4 e5 5. Nb5 d6 6. N1c3 a6 7. Na3 Be7 8. Nc4
b5 9. Ne3 Nf6 10. Bd3 O-O 11. O-O Be6 12. Re1 Rc8 13. Ncd5 Bxd5 14. exd5 Nb4 15.
c3 Nxd3 16. Qxd3 g6 17. a4 Qb6 18. Bd2 Nd7 19. b4 Ra8 20. c4 bxa4 21. Rxa4 f5
22. Qb3 Nc5 23. Qa3 Nxa4 24. Qxa4 f4 25. Nd1 Qc7 26. Re4 f3 27. Qb3 Rab8 28. c5
Qxc5 0-1

[Event "Druzynowe Mistrzostwa Polski - II Liga 2023"]
[Site "Jastrzebia Gora"]
[Date "1899-12-30"]
[Round "7.33"]
[White "Kitewski, Bartosz"]
[Black "Musial, Igor"]
[Result "1/2-1/2"]
[WhiteTitle "I++"]
[BlackTitle "I+"]
[WhiteElo "1967"]
[BlackElo "2021"]

1. d4 d5 2. c4 c6 3. Nc3 Nf6 4. Nf3 dxc4 5. g3 e6 6. Bg2 Nbd7 7. O-O b5 8. a4 b4
9. Nb1 Qb6 10. Nbd2 Ba6 11. Re1 Be7 12. e4 O-O 13. a5 Qb7 14. e5 Nd5 15. Ne4 Rad8
16. Bg5 Qc7 17. Bh3 c5 18. Bxe7 Nxe7 19. Nfg5 Qc6 20. Nxh7 g6 21. Nhf6+ Kg7 22.
Qg4 Rh8 23. Bg2 Bb7 24. Qg5 cxd4 25. a6 Ba8 26. Ra5 d3 27. Nxd7 Qxd7 28. Nd6 Nf5
29. Qf6+ Kg8 30. Nxf7 Qxf7 31. Qxd8+ Kg7 32. Qg5 Bxg2 33. Kxg2 Nd4 34. Qf6+ Qxf6
35. exf6+ Kxf6 36. Rc5 Rxh2+ 37. Kxh2 Nf3+ 38. Kg2 Nxe1+ 39. Kf1 Nf3 40. Rc7 g5
41. g4 1/2-1/2

[Event "Druzynowe Mistrzostwa Polski - II Liga 2023"]
[Site "Jastrzebia Gora"]
[Date "1899-12-30"]
[Round "7.34"]
[White "Krol, Rafal"]
[Black "Slawinski, Miroslaw"]
[Result "1/2-1/2"]
[WhiteTitle "I++"]
[BlackTitle "k"]
[WhiteElo "2018"]
[BlackElo "1905"]

1. d4 d5 2. c4 e6 3. Nf3 Nf6 4. g3 dxc4 5. Bg2 c5 6. O-O Nc6 7. Qa4 cxd4 8. Nxd4
Qxd4 9. Bxc6+ Bd7 10. Rd1 Qxd1+ 11. Qxd1 Bxc6 12. Nc3 Bc5 13. Be3 Bxe3 14. fxe3
h5 15. h3 Rd8 16. Qc2 O-O 17. Rd1 b5 18. Rd4 e5 19. Rxd8 Rxd8 20. e4 Rd4 21. Nd5
Nxd5 22. exd5 Rxd5 23. Qf5 Bd7 24. Qxh5 Be6 25. Qg5 b4 26. e4 f6 27. Qe3 Ra5 28.
Qd2 Rxa2 29. Qxb4 a5 30. Qb8+ Kf7 31. h4 Bg4 32. Qc7+ Kg6 33. Qxc4 Rxb2 34. Qg8
Bf3 35. Qe6 Kh6 36. Kf1 Rg2 37. Qh3 Re2 38. Qf5 Bxe4 39. Qg4 Re3 40. Kf2 Rf3+
41. Ke2 f5 42. Qg5+ Kh7 43. Qh5+ Kg8 44. Qe8+ Kh7 45. Qxe5 Rb3 46. Qe8 Bf3+ 47.
Kd2 Bg4 48. Qe5 a4 49. Kc2 1/2-1/2

[Event "Druzynowe Mistrzostwa Polski - II Liga 2023"]
[Site "Jastrzebia Gora"]
[Date "1899-12-30"]
[Round "7.35"]
[White "Strepikowski, Pawel"]
[Black "Rosicki, Marcin"]
[Result "1/2-1/2"]
[WhiteTitle "I"]
[BlackTitle "I++"]
[WhiteElo "1855"]
[BlackElo "2030"]

1. e4 e5 2. Nf3 Nf6 3. d3 Nc6 4. g3 Bc5 5. Bg2 d6 6. O-O Be6 7. c3 Bb6 8. d4 exd4
9. Nxd4 Nxd4 10. cxd4 O-O 11. Nc3 h6 12. b3 Qd7 13. Ba3 Bh3 14. Qd3 Bxg2 15. Kxg2
Rfe8 16. f3 Rac8 17. Rac1 Red8 18. Rc2 c6 19. Ne2 Nh7 20. h4 Nf8 21. f4 Re8 22.
f5 Nh7 23. Nc3 Nf6 24. Re2 Rcd8 25. d5 cxd5 26. Nxd5 Nxd5 27. Qxd5 Re5 28. Qd3
d5 29. Bb2 Rxe4 30. f6 g6 31. Bc1 Rxe2+ 32. Qxe2 Re8 33. Qf3 Qe6 34. Bxh6 Qe2+
35. Qxe2 Rxe2+ 36. Kh3 Rf2 37. Rxf2 Bxf2 38. Kg2 Bd4 39. Bg5 Kf8 40. Kf3 Ke8 41.
Be3 Bxf6 42. Bxa7 Kd7 43. Ke3 Ke6 44. Bb8 Bc3 45. Ke4 Ke5+ 1/2-1/2

[Event "Druzynowe Mistrzostwa Polski - II Liga 2023"]
[Site "Jastrzebia Gora"]
[Date "1899-12-30"]
[Round "7.36"]
[White "Guzik, Jolanta"]
[Black "Kawa, Anna"]
[Result "1-0"]
[WhiteTitle "WFM"]
[BlackTitle "I++"]
[WhiteElo "1965"]
[BlackElo "1665"]

1. c4 Nf6 2. Nc3 g6 3. e4 d6 4. g3 Bg7 5. Bg2 O-O 6. Nge2 c5 7. O-O Nc6 8. d3 Bd7
9. h3 Rb8 10. Be3 e5 11. f4 Nd4 12. Qd2 Qc8 13. Kh2 Be6 14. fxe5 dxe5 15. Rac1
Qd7 16. Nd5 Ne8 17. Nxd4 cxd4 18. Bh6 f6 19. Bxg7 Kxg7 20. g4 b6 21. Rf2 Rb7 22.
Rcf1 Qd8 23. g5 Rbf7 24. gxf6+ Nxf6 25. Nxf6 Rxf6 26. Rxf6 Rxf6 27. Qg5 Bf7 28.
Qxe5 Qd6 29. Qxd6 Rxd6 30. Kg3 Rf6 31. Re1 Be6 32. b4 Rf8 33. h4 h6 34. a3 g5
35. hxg5 hxg5 36. Rf1 Rxf1 37. Bxf1 Kf6 38. Bh3 Bf7 39. Bg4 Ke5 40. Bd1 Be6 41.
Bh5 Bd7 42. Bf7 Ba4 43. Bh5 Bd7 44. Bg4 Be8 45. Bd1 Bd7 46. Bb3 Be6 47. Ba4 a5
48. Be8 axb4 49. axb4 Bc8 50. Bf7 Bd7 51. Bg6 Be6 52. Bf5 Bf7 53. Kg4 Kf6 54.
Bd7 Ke7 55. Bc8 Kf6 56. b5 Be8 57. Bf5 Ke5 58. Kxg5 Bf7 59. Bd7 Bg8 60. Kg6 Kd6
61. Bg4 Kc5 62. Kg7 Bxc4 63. dxc4 Kxc4 64. Be2+ 1-0

[Event "Druzynowe Mistrzostwa Polski - II Liga 2023"]
[Site "Jastrzebia Gora"]
[Date "1899-12-30"]
[Round "7.38"]
[White "Grochol, Kamil"]
[Black "Sliwicki, Damian"]
[Result "1/2-1/2"]
[WhiteTitle "I++"]
[BlackTitle "CM"]
[WhiteElo "2093"]
[BlackElo "2091"]

1. d4 Nf6 2. c4 g6 3. Nc3 d5 4. cxd5 Nxd5 5. e4 Nxc3 6. bxc3 Bg7 7. Bc4 c5 8. Ne2
Nc6 9. Be3 cxd4 10. cxd4 Qa5+ 11. Qd2 Qxd2+ 12. Kxd2 O-O 13. Rhd1 Rd8 14. Ke1
Bd7 15. Rab1 1/2-1/2

[Event "Druzynowe Mistrzostwa Polski - II Liga 2023"]
[Site "Jastrzebia Gora"]
[Date "1899-12-30"]
[Round "7.39"]
[White "Praczukowski, Stanislaw"]
[Black "Kukula, Karol"]
[Result "1/2-1/2"]
[WhiteTitle "k"]
[BlackTitle "I++"]
[WhiteElo "2142"]
[BlackElo "1978"]

1. d4 Nf6 2. c4 e6 3. Nf3 Bb4+ 4. Bd2 Qe7 5. e3 b6 6. Bd3 Bb7 7. O-O O-O 8. Nc3
Bxc3 9. Bxc3 Ne4 10. Be1 d6 11. Nd2 f5 12. f3 Nxd2 13. Bxd2 Nd7 14. Qc2 a5 15.
b3 Rae8 16. a3 Nf6 17. b4 axb4 18. axb4 Ra8 19. Rfc1 Nd7 20. Bc3 Qg5 21. Qf2 Rxa1
22. Rxa1 Ra8 23. Rxa8+ Bxa8 24. Bc2 Bb7 25. Bb3 Nf6 26. Kf1 Kf8 27. Ke2 Qh5 28.
h3 Ne4 29. Qe1 Nxc3+ 30. Qxc3 Qe8 31. Qa1 Qa8 32. Qxa8+ Bxa8 1/2-1/2